[Event "Smith-Morra Practice"]
[Site "SchemingMind.com"]
[Date "2010.10.08"]
[Round "-"]
[White "jtrochez1"]
[Black "capablanca"]
[Result "0-1"]
[WhiteCountry "HON"]
[BlackCountry "GER"]
[WhiteElo "1548"]
[WhiteRD "51"]
[BlackElo "1643"]
[BlackRD "52"]
[GameID "263011"]

1. e4 c5 2. d4 cxd4 3. Qxd4 Nc6 4. Qd1 g6 5. c3 Bg7 6. Be3 Nf6 7. Nd2 d6 8. h3 O-O 9. Bd3 Ne5 10. Be2 Bd7
11. Ngf3 Nxf3+ 12. Bxf3 Bc6 13. Qc2 b6 14. O-O-O Qc7 15. Nb1 Rac8 16. Nd2 Qb7 17. Kb1 Nd7 18. Be2 d5 19. f3 dxe4 20. Nxe4 b5
21. Ka1 a5 22. Qd2 Bxe4 23. fxe4 Qxe4 24. Bf3 Qe6 25. Bd5 Qf5 26. g4 Qe5 27. Bf4 Qf6 28. Kb1 Nc5 29. Rhf1 b4 30. g5 Qb6
31. c4 Na4 32. Be3 Qa6 33. Bd4 Bxd4 34. Qxd4 Nb6 35. b3 Nxd5 36. Qxd5 e6 37. Qe5 Qa7 38. Rd6 Rc5 39. Qf6 Rf5 40. Rxf5 exf5
41. Rb6 Re8 42. Qd4 Qe7 43. Qg1 Qe4+ 44. Kc1 Qf4+ 45. Kb1 Qd2
0-1

[Event "Smith-Morra Practice"]
[Site "SchemingMind.com"]
[Date "2010.10.10"]
[Round "-"]
[White "drako"]
[Black "capablanca"]
[Result "1-0"]
[WhiteCountry "LAT"]
[BlackCountry "GER"]
[WhiteElo "1801"]
[WhiteRD "166"]
[BlackElo "1655"]
[BlackRD "54"]
[GameID "263012"]

1. e4 c5 2. d4 cxd4 3. c3 dxc3 4. Bc4 g6 5. Nf3 Bg7 6. Nxc3 Nc6 7. O-O d6 8. Bf4 Bg4 9. Bxf7+ Kxf7 10. Ng5+ Ke8
11. Qxg4 Nh6 12. Qh3 e5 13. Ne6 Qe7 14. Nd5
1-0

[Event "Smith-Morra Practice"]
[Site "SchemingMind.com"]
[Date "2010.10.08"]
[Round "-"]
[White "Louis Lima"]
[Black "capablanca"]
[Result "1-0"]
[WhiteCountry "ESP"]
[BlackCountry "GER"]
[WhiteElo "1990"]
[WhiteRD "91"]
[BlackElo "1655"]
[BlackRD "54"]
[GameID "263013"]

1. e4 c5 2. d4 cxd4 3. c3 dxc3 4. Nxc3 e5 5. Nf3 Nc6 6. Bc4 d6 7. Ng5 Nh6 8. O-O Be7 9. Qh5 O-O 10. h3 Nd4
11. Nd5 Be6 12. Nxe6 Nxe6 13. Nxe7+ Qxe7 14. Bxh6 gxh6 15. Qxh6 Qg5 16. Qxg5+ Nxg5 17. Bd5 h6 18. b3 Nh7 19. Bxb7 Rab8 20. Bd5 Nf6
21. Rfd1 Rfd8 22. Rac1 Rb5 23. Rc7 Nxd5 24. Rxd5 Rxd5 25. exd5 Ra8 26. Rd7
1-0

[Event "Smith-Morra Practice"]
[Site "SchemingMind.com"]
[Date "2010.10.08"]
[Round "-"]
[White "rampichino"]
[Black "capablanca"]
[Result "0-1"]
[WhiteCountry "ITA"]
[BlackCountry "GER"]
[WhiteElo "1315"]
[WhiteRD "67"]
[BlackElo "1643"]
[BlackRD "52"]
[GameID "263015"]

1. e4 c5 2. d4 cxd4 3. c3 dxc3 4. Nxc3 g6 5. Nf3 Bg7 6. Bc4 d6 7. Qb3 e6 8. Bf4 Nf6 9. O-O O-O 10. Rad1 Nc6
11. e5 Nh5
0-1

[Event "Smith-Morra Practice"]
[Site "SchemingMind.com"]
[Date "2010.10.08"]
[Round "-"]
[White "tiggeronvrb"]
[Black "capablanca"]
[Result "1-0"]
[WhiteCountry "SCO"]
[BlackCountry "GER"]
[WhiteElo "1826"]
[WhiteRD "70"]
[BlackElo "1658"]
[BlackRD "57"]
[GameID "263016"]

1. e4 c5 2. d4 cxd4 3. c3 dxc3 4. Nxc3 Nc6 5. Bc4 g6 6. Nf3 Bg7 7. O-O d6 8. Qe2 Nf6 9. Rd1 O-O 10. Bg5 Bg4
11. h3 Bxf3 12. Qxf3 Ne5 13. Qe2 Nxc4 14. Qxc4 Rc8 15. Qe2 Qa5 16. Bxf6 Bxf6 17. Nd5 Bg5 18. Qg4
1-0

[Event "Smith-Morra Practice"]
[Site "SchemingMind.com"]
[Date "2010.10.13"]
[Round "-"]
[White "memet"]
[Black "capablanca"]
[Result "0-1"]
[WhiteCountry "TUR"]
[BlackCountry "GER"]
[WhiteElo "1631"]
[WhiteRD "73"]
[BlackElo "1638"]
[BlackRD "56"]
[GameID "263017"]

1. e4 c5 2. d4 cxd4 3. Nf3 Nc6 4. Bc4 e5 5. c3 dxc3 6. Ng5 Nh6 7. Nxc3 Bb4 8. Qb3 Qe7 9. O-O Na5 10. Qa4 Nxc4
11. Nd5 Qd6 12. Qxb4 Qxb4 13. Nxb4 Ng4 14. Nd5 O-O 15. h3 Nf6 16. Nxf6+ gxf6 17. Nf3 Kh8 18. Nh4 d6 19. Kh2 Be6 20. b3 Nb6
21. f4 Rg8 22. fxe5 fxe5 23. Nf5 Bxf5 24. exf5 f6 25. Bh6 d5 26. Rac1 Rac8 27. Rb1 Rc2 28. a4 Rgxg2+
0-1

[Event "Smith-Morra Practice"]
[Site "SchemingMind.com"]
[Date "2010.10.11"]
[Round "-"]
[White "mpcsmits"]
[Black "capablanca"]
[Result "1-0"]
[WhiteCountry "NED"]
[BlackCountry "GER"]
[WhiteElo "1837"]
[WhiteRD "173"]
[BlackElo "1658"]
[BlackRD "57"]
[GameID "263018"]

1. e4 c5 2. d4 cxd4 3. Nf3 Nc6 4. Nxd4 g6 5. Be3 Bg7 6. h4 Nf6 7. Nc3 d6 8. Be2 O-O 9. Nb3 e5 10. g4 Nb4
11. g5 Nd7 12. h5 Nc5 13. Nxc5 dxc5 14. Bxc5
1-0

[Event "Smith-Morra Practice"]
[Site "SchemingMind.com"]
[Date "2010.10.12"]
[Round "-"]
[White "Dogfhol"]
[Black "jtrochez1"]
[Result "1-0"]
[WhiteCountry "BRA"]
[BlackCountry "HON"]
[WhiteElo "2315"]
[WhiteRD "134"]
[BlackElo "1548"]
[BlackRD "51"]
[GameID "263446"]

1. e4 c5 2. d4 cxd4 3. Nf3 Nc6 4. Nxd4 Nxd4 5. Qxd4 e6 6. Nc3 Qb6 7. Qxb6 axb6 8. Nb5 Kd8 9. e5 Be7 10. Be2 Bc5
11. c3 Ne7 12. b4 Bxf2+ 13. Kxf2 h6 14. Be3 Nd5 15. Bd4 f5 16. c4 g5 17. cxd5 Ra4 18. Bxb6+ Ke7 19. dxe6 dxe6 20. Rhc1 Kf7
21. Bh5+ Kg7 22. Rc7+
1-0

[Event "Smith-Morra Practice"]
[Site "SchemingMind.com"]
[Date "2010.10.12"]
[Round "-"]
[White "Dogfhol"]
[Black "capablanca"]
[Result "1-0"]
[WhiteCountry "BRA"]
[BlackCountry "GER"]
[WhiteElo "2296"]
[WhiteRD "133"]
[BlackElo "1658"]
[BlackRD "57"]
[GameID "263448"]

1. e4 c5 2. d4 cxd4 3. Nf3 g6 4. Nxd4 Bg7 5. Nc3 d6 6. Bb5+ Bd7 7. O-O Bxb5 8. Ncxb5 a6 9. Nc3 b5 10. Bg5 h6
11. Be3 Nf6 12. Nd5 Nxe4 13. Qf3 Ng5 14. Nf6+ Bxf6 15. Qxa8
1-0

[Event "Smith-Morra Practice"]
[Site "SchemingMind.com"]
[Date "2010.10.12"]
[Round "-"]
[White "Dogfhol"]
[Black "Louis Lima"]
[Result "1-0"]
[WhiteCountry "BRA"]
[BlackCountry "ESP"]
[WhiteElo "2357"]
[WhiteRD "124"]
[BlackElo "1911"]
[BlackRD "68"]
[GameID "263449"]

1. e4 c5 2. d4 cxd4 3. Nf3 d6 4. Nxd4 Nf6 5. Nc3 e6 6. Be2 a6 7. O-O Be7 8. a4 O-O 9. Be3 Nc6 10. f4 Qc7
11. Qd2 Bd7 12. Nb3 b6 13. Bf3 Rab8 14. Qe2 Nb4 15. g4 Bc6 16. g5 Nd7 17. Nd4 Bb7 18. f5 e5 19. Nb3 Rfc8 20. Qg2 Kh8
21. Rf2
1-0

[Event "Smith-Morra Practice"]
[Site "SchemingMind.com"]
[Date "2010.10.12"]
[Round "-"]
[White "Dogfhol"]
[Black "tiggeronvrb"]
[Result "1-0"]
[WhiteCountry "BRA"]
[BlackCountry "SCO"]
[WhiteElo "2311"]
[WhiteRD "132"]
[BlackElo "1788"]
[BlackRD "73"]
[GameID "263452"]

1. e4 c5 2. d4 cxd4 3. Nf3 Nc6 4. Nxd4 e5 5. Nb5 d6 6. N1c3 Nf6 7. Nd5 Nxd5 8. exd5 Nb8 9. c4 Bd7 10. Be3 a6
11. Nc3 f5 12. Qb3 Qc8 13. f4 Be7 14. fxe5 dxe5 15. O-O-O O-O 16. d6 Bd8 17. c5+ Kh8 18. g3 Bc6 19. Nd5 b5 20. Bg2 e4
21. Rhf1 Nd7 22. Kb1 a5 23. Bd4 a4 24. Qc3 Rg8 25. Rxf5 Bxd5 26. Rxd5 Ba5 27. Qc2 b4 28. Bxe4 b3 29. axb3 axb3 30. Qe2 Re8
31. Rh5
1-0

[Event "Smith-Morra Practice"]
[Site "SchemingMind.com"]
[Date "2010.10.17"]
[Round "-"]
[White "Dogfhol"]
[Black "memet"]
[Result "1-0"]
[WhiteCountry "BRA"]
[BlackCountry "TUR"]
[WhiteElo "2357"]
[WhiteRD "124"]
[BlackElo "1631"]
[BlackRD "73"]
[GameID "263453"]

1. e4 c5 2. d4 cxd4 3. Nf3 Nc6 4. Nxd4 e5 5. Nb5 Nf6 6. N1c3 a6 7. Nd6+ Bxd6 8. Qxd6 Qe7 9. Qxe7+ Kxe7 10. Bg5 h6
11. Nd5+ Kd8 12. Bxf6+ gxf6 13. O-O-O d6 14. Nb6 Rb8 15. Rxd6+ Kc7 16. Nxc8 Rbxc8 17. Rxf6 Nd4 18. c3 Kb8 19. Rxf7 Ne6 20. Rf5 Rcd8
21. Rxe5 Ng5 22. f4 Nf7 23. Re7 Nd6 24. Be2 Rhe8 25. Rxe8 Rxe8 26. e5 Nf5 27. Re1 Rg8 28. Bd3 Nh4 29. Be4 Nxg2 30. Rg1
1-0

[Event "Smith-Morra Practice"]
[Site "SchemingMind.com"]
[Date "2010.10.13"]
[Round "-"]
[White "Dogfhol"]
[Black "mpcsmits"]
[Result "1-0"]
[WhiteCountry "BRA"]
[BlackCountry "NED"]
[WhiteElo "2357"]
[WhiteRD "124"]
[BlackElo "1456"]
[BlackRD "87"]
[GameID "263454"]

1. e4 c5 2. d4 cxd4 3. Nf3 e5 4. c3 dxc3 5. Nxc3 d6 6. Bc4 Nc6 7. Ng5 Nh6 8. Qd5 Nb4 9. Qb5+ Nc6 10. Qb3 Qd7
11. Nd5 Be7 12. Qg3 O-O 13. h3 Kh8 14. O-O f5 15. f4 Qd8 16. Nxe7 Qxe7 17. fxe5 dxe5 18. Qa3 Qxa3 19. bxa3 Bd7 20. exf5 Bxf5
21. Bb2
1-0

[Event "Smith-Morra Practice"]
[Site "SchemingMind.com"]
[Date "2010.10.12"]
[Round "-"]
[White "jtrochez1"]
[Black "Dogfhol"]
[Result "0-1"]
[WhiteCountry "HON"]
[BlackCountry "BRA"]
[WhiteElo "1548"]
[WhiteRD "51"]
[BlackElo "2315"]
[BlackRD "134"]
[GameID "263455"]

1. e4 c5 2. d4 cxd4 3. Bd3 d5 4. e5 Nc6 5. Nf3 f6 6. exf6 Nxf6 7. h3 e5 8. Bb5 Qa5+ 9. c3 Qxb5 10. a4 Qc4
11. b3 Qa6 12. cxd4 exd4 13. Nxd4 Bb4+ 14. Bd2 Bxd2+ 15. Qxd2 Ne4 16. Qe3 O-O 17. Rf1 Bxh3 18. Nb5 Rae8 19. Kd1 Bxg2
0-1

[Event "Smith-Morra Practice"]
[Site "SchemingMind.com"]
[Date "2010.10.13"]
[Round "-"]
[White "capablanca"]
[Black "Dogfhol"]
[Result "0-1"]
[WhiteCountry "GER"]
[BlackCountry "BRA"]
[WhiteElo "1658"]
[WhiteRD "57"]
[BlackElo "2296"]
[BlackRD "133"]
[GameID "263457"]

1. e4 c5 2. d4 cxd4 3. Qxd4 Nc6 4. Qd1 Nf6 5. Nc3 e5 6. Nf3 Bb4 7. Bd3 d5 8. exd5 Nxd5 9. Bd2 O-O 10. h3 Bxc3
11. bxc3 e4 12. Bxe4 Re8
0-1

[Event "Smith-Morra Practice"]
[Site "SchemingMind.com"]
[Date "2010.10.12"]
[Round "-"]
[White "Louis Lima"]
[Black "Dogfhol"]
[Result "0-1"]
[WhiteCountry "ESP"]
[BlackCountry "BRA"]
[WhiteElo "1911"]
[WhiteRD "68"]
[BlackElo "2357"]
[BlackRD "124"]
[GameID "263458"]

1. e4 c5 2. d4 cxd4 3. c3 Nf6 4. e5 Nd5 5. cxd4 d6 6. Nf3 Nc6 7. Bc4 Nb6 8. Bb3 dxe5 9. d5 Na5 10. Nc3 Bg4
11. Be3 Nxb3 12. Qxb3 Bxf3 13. gxf3 g6 14. O-O-O Bg7 15. Kb1 O-O 16. Ne4 Rc8 17. d6 Qd7 18. dxe7 Qxe7 19. Bxb6 axb6 20. Qxb6 Rc6
21. Qb3 Rfc8 22. Rc1 Bf6
0-1

[Event "Smith-Morra Practice"]
[Site "SchemingMind.com"]
[Date "2010.10.12"]
[Round "-"]
[White "tiggeronvrb"]
[Black "Dogfhol"]
[Result "0-1"]
[WhiteCountry "SCO"]
[BlackCountry "BRA"]
[WhiteElo "1788"]
[WhiteRD "73"]
[BlackElo "2311"]
[BlackRD "132"]
[GameID "263461"]

1. e4 c5 2. d4 cxd4 3. c3 dxc3 4. Nxc3 Nc6 5. Bc4 e6 6. Nf3 Qc7 7. Qe2 a6 8. O-O Bd6 9. Rd1 Ne5 10. Nxe5 Bxe5
11. g3 Nf6 12. f4 Bxc3 13. bxc3 b5 14. Bb3 Bb7 15. Ba3 Nxe4 16. Rd3 Nxc3 17. Qd2 Rc8 18. Bb2 b4 19. Rc1 Qc6 20. Bxc3 bxc3
21. Rcxc3 Qh1+ 22. Kf2 Qxh2+ 23. Ke3 Qxg3+ 24. Ke2 Qg2+ 25. Kd1 Qxd2+ 26. Kxd2 Rxc3 27. Rxc3 Ke7
0-1

[Event "Smith-Morra Practice"]
[Site "SchemingMind.com"]
[Date "2010.10.17"]
[Round "-"]
[White "memet"]
[Black "Dogfhol"]
[Result "0-1"]
[WhiteCountry "TUR"]
[BlackCountry "BRA"]
[WhiteElo "1585"]
[WhiteRD "74"]
[BlackElo "2315"]
[BlackRD "134"]
[GameID "263462"]

1. e4 c5 2. d4 cxd4 3. Nf3 Nf6 4. Bd3 e5 5. Bg5 Nc6 6. O-O Be7 7. h3 O-O 8. Nbd2 h6 9. Bh4 d6 10. a3 Be6
11. Nh2 Qb6 12. b4 Nxe4 13. Bxe7 Nc3 14. Qf3 Nxe7 15. Ne4 Bd5 16. Rfe1 f5 17. g4 fxe4 18. Qg3 exd3 19. Qxd3 Ng6 20. Qxg6 d3
21. Qxd3 Qxf2#
0-1

[Event "Smith-Morra Practice"]
[Site "SchemingMind.com"]
[Date "2010.10.13"]
[Round "-"]
[White "mpcsmits"]
[Black "Dogfhol"]
[Result "0-1"]
[WhiteCountry "NED"]
[BlackCountry "BRA"]
[WhiteElo "1456"]
[WhiteRD "87"]
[BlackElo "2357"]
[BlackRD "124"]
[GameID "263463"]

1. e4 c5 2. d4 cxd4 3. Nf3 Nf6 4. Nxd4 Nxe4 5. Bd3 d5 6. O-O e5 7. Bxe4 dxe4 8. Nb5 Nc6 9. Qxd8+ Kxd8 10. Rd1+ Ke7
11. N1c3 f5 12. Nd6 Nd4 13. Ncb5 Nxb5 14. Bg5+ Kd7 15. Nf7+ Ke8 16. Nxh8 Be6 17. a3 Be7 18. Be3 f4 19. Bd2 Rc8 20. a4 Nd4
0-1